| 000 | 01607nam a2200265 a 4500 | ||
|---|---|---|---|
| 001 | 000003863 | ||
| 003 | DO-SdBNP | ||
| 005 | 20220204112821.0 | ||
| 008 | 090714s2000 dr ab 000 0 spa d | ||
| 020 | _a9993435155 | ||
| 040 |
_aDO-SdBNP _bspa _cBNPHU |
||
| 049 | _aBNPD | ||
| 082 |
_a352.283 _bM516p 2000 _222 |
||
| 100 | 1 |
_a Mejía-Ricart G., Tirso, _d1936-2021 _q(Mejía-Ricart Guzmán) |
|
| 245 | 1 | 0 |
_aProyectos de descentralización y participación en la República Dominicana / _cTirso Mejía- Ricart. |
| 260 |
_aSanto Domingo : _bCONARE, _c2000. |
||
| 300 |
_a147 p. : _bil., map. ; _c23 cm. |
||
| 500 | _aIncluye datos biográficos del autor en la solapa de la cubierta | ||
| 505 | _aIntroducción 7 -- Proyecto de Ley general de ordenamiento territorial y descentalización del función pública -- Exposición de motivos 13 -- Textos del proyecto 25 -- Proyectos de ley para la reforma territorial actual Distrioto Nacional -- Exposición de motivos 57 -- Texto del proyecto de Ley 81 -- Proyectos de ley de participación de la sociedad civil en las políticas de desarrollo económico y social -- Exposición de motivos 113 -- Texto del proyecto de Ley 115 -- Proyectos de ley de la circunscripciones electorales en la República Dominicana -- Exposición de motivos 133 -- Texto del proyecto de Ley 144 -- Anexos | ||
| 650 | 4 |
_aAdministración pública _zRepública Dominicana |
|
| 650 | 4 |
_aDescentralización administrativa _zRepública Dominicana |
|
| 710 | 2 | _aConsejo Nacional para la Reforma del Estado (República Dominicana) | |
| 910 | _aVMateo V. | ||
| 942 |
_2ddc _cBK |
||
| 999 |
_c14012 _d14012 |
||